书目信息 |
| 题名: |
摄影测量与遥感实践教程
|
|
| 作者: | 赵红 , 李爱霞 主编 | |
| 分册: | ||
| 出版信息: | 北京 中国水利水电出版社 2017.07 |
|
| 页数: | 214页 | |
| 开本: | 26cm | |
| 丛书名: | ||
| 单 册: | ||
| 中图分类: | P23 , TP7 | |
| 科图分类: | ||
| 主题词: | 摄影测量--高等学校--教材 , 遥感技术--高等学校--教材 | |
| 电子资源: | ||
| ISBN: | 978-7-5170-5565-5 | |
| 000 | 01171nam0 2200265 450 | |
| 001 | 3599 | |
| 005 | 20181008103358.98 | |
| 010 | @a978-7-5170-5565-5@dCNY34.00 | |
| 100 | @a20171018d2017 em y0chiy50 ea | |
| 101 | 0 | @achi |
| 102 | @aCN@b110000 | |
| 105 | @aa z 000yy | |
| 200 | 1 | @a摄影测量与遥感实践教程@9she ying ce liang yu yao gan shi jian jiao cheng@f赵红,李爱霞主编 |
| 210 | @a北京@c中国水利水电出版社@d2017.07 | |
| 215 | @a214页@c图@d26cm | |
| 300 | @a普通高等教育测绘类“十三五”系列教材 | |
| 330 | @a本书以突出应用操作为宗旨,系统地介绍了摄影测量与遥感的数据分析与准备、解析空中三角测量、模型定向、4D产品的生产制作、像片判读与调绘、遥感图像处理流程及专题图的制作过程。全书共分11章,按照“数字摄影测量系统→遥感数字图像处理”来组织。第1章至第6章主要介绍了利用VirtuoZo数字摄影测量系统进行航片处理的流程与方法;第7章至11章主要介绍了利用ERDAS IMAGINE遥感图像处理软件处理遥感图像的流程与方法。 | |
| 606 | 0 | @a摄影测量@x高等学校@j教材 |
| 606 | 0 | @a遥感技术@x高等学校@j教材 |
| 690 | @aP23@v5 | |
| 690 | @aTP7@v5 | |
| 701 | 0 | @a赵红@9zhao hong@4主编 |
| 701 | 0 | @a李爱霞@9li ai xia@4主编 |
| 801 | 0 | @aCN@b91MARC@c20171018 |
| 905 | @aMuseLib@dP23@e270 | |
| 摄影测量与遥感实践教程/赵红,李爱霞主编.-北京:中国水利水电出版社,2017.07 |
| 214页:图;26cm |
| 普通高等教育测绘类“十三五”系列教材 |
| ISBN 978-7-5170-5565-5:CNY34.00 |
| 本书以突出应用操作为宗旨,系统地介绍了摄影测量与遥感的数据分析与准备、解析空中三角测量、模型定向、4D产品的生产制作、像片判读与调绘、遥感图像处理流程及专题图的制作过程。全书共分11章,按照“数字摄影测量系统→遥感数字图像处理”来组织。第1章至第6章主要介绍了利用VirtuoZo数字摄影测量系统进行航片处理的流程与方法;第7章至11章主要介绍了利用ERDAS IMAGINE遥感图像处理软件处理遥感图像的流程与方法。 |
| ● |
| 相关链接 |
|
|
|
|
正题名:摄影测量与遥感实践教程
索取号:P23/270
 
预约/预借
| 序号 | 登录号 | 条形码 | 馆藏地/架位号 | 状态 | 备注 |
| 1 | 1122797 | 211227974 | 第二样本阅览室/ [索取号:P23/270] | 在馆 | |
| 2 | 1122798 | 211227983 | 第三借阅区/ [索取号:P23/270] | 在馆 | |
| 3 | 1122799 | 211227992 | 第三借阅区/ [索取号:P23/270] | 在馆 | |
| 4 | 1122800 | 211228009 | 第三借阅区/ [索取号:P23/270] | 在馆 | |
| 5 | 1122801 | 211228018 | 密集书库-物理学院/ [索取号:P23/270] | 在馆 |